000 01255cam a22002535a 4500
001 L156807
008 170712s2012 xxk f 001 0 eng d
020 _a9781850730613
035 _a(Sirsi) u156807
041 0 _aeng
050 0 4 _a624.25 $2 18
110 2 _aBritish Constructional Steelwork Association
_91564
245 0 0 _aSteel bridges
_ba practical approach to design for efficient fabrication and construction
250 _a3rd ed.
260 _aLondon
_bBCSA
_c2010
300 _a95p
_bill. $2 5cm
505 2 _aDesign conception -- Steel qualities -- Design of members -- Bolting -- Welding -- Accuracy -- Cost -- Case studies --Completence in steel construction -- References.
520 _aDesign of steel bridges is achieved most effectively when it is based on a sound understanding of both the material and the methods adopted in processing steelwork through the final bridge form. The aim of this publication is to provide a basis for this understanding by reference to the factors that influence safe, practical and economic fabrication and erection of bridge steelwork.
521 _aAdvanced.
650 2 4 _aBuilding materials and defects
651 4 _aUnited Kingdom
_y
690 _aDesign and specification
942 _n0
999 _c114423
_d114423